Practice and law of banking / (Record no. 66358)

MARC details
000 -LEADER
fixed length control field 00537nam a22001577a 4500
005 - DATE AND TIME OF LATEST TRANSACTION
control field 2012050909019.0
020 ## - INTERNATIONAL STANDARD BOOK NUMBER
International Standard Book Number 0333933389
Terms of availability 188.00
035 ## - SYSTEM CONTROL NUMBER
System control number B-21696
037 ## - SOURCE OF ACQUISITION
Stock number DPL
Source of stock number/acquisition ENG
100 ## - MAIN ENTRY--PERSONAL NAME
Personal name Khubchandani, B.S.
245 ## - TITLE STATEMENT
Title Practice and law of banking /
Statement of responsibility, etc by B.S. Khubchandani
260 ## - PUBLICATION, DISTRIBUTION, ETC. (IMPRINT)
Place of publication, distribution, etc Delhi
Name of publisher, distributor, etc Macmillan
Date of publication, distribution, etc 2000
300 ## - PHYSICAL DESCRIPTION
Extent vii, 301p.
Dimensions 24 cms.
942 ## - ADDED ENTRY ELEMENTS (KOHA)
Source of classification or shelving scheme Dewey Decimal Classification
Item type English Books
Classification part 332.1
Call number suffix KHU
Holdings
Withdrawn status Lost status Not for loan Collection code Home library Current library Date acquired Cost, normal purchase price Full call number Barcode Cost, replacement price Koha item type
      Non-fiction Sarojini Nagar Sarojini Nagar 09/05/2012 188.00 332.1 KHU B-21696 188.00 English Books

© Delhi Public Library
Hit Counter
free hit counter